Statistics for name players who have scored over 500 goals

Click here to take the quiz!

General Stats

  • This quiz has been taken 17 times
  • The average score is 8 of 14

Answer Stats

HintAnswer% Correct
800+Messi
100%
762Pele
100%
850+Ronaldo
100%
650+Lewandowski
75%
550+Suarez
69%
729Puskas
50%
500+Benzema
44%
532Di stefano
44%
619Eusebio
38%
634Gerd Muller
38%
755Romario
31%
720Josef Bican
25%
507Hugo Sanchez
19%
562Ibrahimowic
19%

Score Distribution

Percentile by Number Answered

Percent of People with Each Score

Your Score History

You have not taken this quiz